A picture book of John F. Kennedy / (Record no. 2837)

MARC details
000 -LEADER
fixed length control field 00941pam a2200289 a 4500
005 - DATE AND TIME OF LATEST TRANSACTION
control field 20240116155009.0
020 ## - INTERNATIONAL STANDARD BOOK NUMBER
International Standard Book Number 9780823409761
040 ## - CATALOGING SOURCE
Original cataloging agency DLC
Transcribing agency DLC
Modifying agency DLC
Language of cataloging eng
050 00 - LIBRARY OF CONGRESS CALL NUMBER
Classification number E842.Z9
082 00 - DEWEY DECIMAL CLASSIFICATION NUMBER
Classification number 973.922
100 1# - MAIN ENTRY--PERSONAL NAME
Personal name Adler, David A.
245 12 - TITLE STATEMENT
Title A picture book of John F. Kennedy /
Statement of responsibility, etc. by David A. Adler ; illustrated by Robert Casilla.
250 ## - EDITION STATEMENT
Edition statement Printed and bound in August 2013
260 ## - PUBLICATION, DISTRIBUTION, ETC.
Place of publication, distribution, etc. New York :
Name of publisher, distributor, etc. Holiday House,
Date of publication, distribution, etc. 1991
300 ## - PHYSICAL DESCRIPTION
Extent 28 unnumbered pages :
Other physical details color illustrations ;
Dimensions 21 cm.
490 1# - SERIES STATEMENT
Series statement Picture book biography
505 ## - FORMATTED CONTENTS NOTE
Formatted contents note R <br/>
520 ## - SUMMARY, ETC.
Summary, etc. Depicts the life and career of John F. Kennedy.
521 ## - TARGET AUDIENCE NOTE
Target audience note 730 <br/>
Source Lexile <br/>
521 ## - TARGET AUDIENCE NOTE
Target audience note R <br/>
Source Raz-Plus <br/>
650 #0 - SUBJECT ADDED ENTRY--TOPICAL TERM
Topical term or geographic name entry element Presidents
Geographic subdivision United States
Form subdivision Biography
-- Juvenile literature.
650 #1 - SUBJECT ADDED ENTRY--TOPICAL TERM
Topical term or geographic name entry element Presidents.
700 1# - ADDED ENTRY--PERSONAL NAME
Personal name Casilla, Robert
Relator term illustrator
906 ## - LOCAL DATA ELEMENT F, LDF (RLIN)
a 7
b cbc
c orignew
d 1
e ocip
f 19
g y-gencatlg
942 ## - ADDED ENTRY ELEMENTS (KOHA)
Source of classification or shelving scheme Dewey Decimal Classification
Koha item type Books
Suppress in OPAC No
999 ## -
-- 2837
-- 2837
Holdings
Withdrawn status Lost status Source of classification or shelving scheme Damaged status Not for loan Collection Home library Current library Shelving location Date acquired Total Checkouts Full call number Barcode Date last seen Price effective from Koha item type
    Dewey Decimal Classification     Non-Fiction Footprints International School Library Network Toul Kork Campus Footprints International School Library Network Toul Kork Campus   01/16/2024   ADL 973.922 E842.Z9 FISTK02219 01/16/2024 01/16/2024 Books